| 000 | 00582nam a2200181 a 4500 | ||
|---|---|---|---|
| 005 | 20231111063628.0 | ||
| 008 | 991125s1996 tol 000 0 spa u | ||
| 035 | _aUPN01000007176 | ||
| 049 | _aCG | ||
| 050 | 4 |
_aLE7.3931 P199 _bU5.2 |
|
| 245 | 0 | 0 |
_aCatálogo general de servicios y capacitación / _cUniversidad Autónoma del Estado de México |
| 260 |
_aToluca : _bUAEM, _c1996 |
||
| 300 |
_a154 p. : _bil. |
||
| 610 | 2 | 4 |
_aUniversidad Autónoma del Estado de México _919129 |
| 710 | 2 |
_aUniversidad Autónoma del Estado de México _919129 |
|
| 904 |
_aAC _b007176 |
||
| 905 | _aLibro | ||
| 999 |
_c7176 _d7176 |
||